000 01701cam a2200217 4500
001 ##L136706
008 000000n2007 000 0 eng u
022 1 _a0264-6188
035 _a(Sirsi) u136706
041 0 _aeng
050 0 4 _a691.0212 $2 18
110 1 _aUnited Kingdom
_bDepartment of Trade and Industry
245 0 0 _aMonthly statistics of building materials and components
260 _aLondon
_bDTI
_c2007
300 _aiii, 35p
_btables
_c30cm
350 _a120
505 _aConstruction material price indices -- Price indices of construction materials : monthly -- Price indices of construction materials : annual averages -- Sales of sand and gravel by English regions, Wales and Scotland -- Sales of sand and gravel by English and Welsh counties and Scottish regions -- Slate : production, deliveries and stocks -- Deliveries of sand and gravel and ready-mixed concrete -- Cement and clinker : production, deliveries and stocks -- Deliveries of bricks, concrete building blocks and cement -- Bricks : production, deliveries and stocks for Great Britain -- Bricks : production deliveries and stocks by English regions, Wales and Scotland -- Concrete building blocks : production, deliveries and stocks for Great Britain -- Concrete building blocks : production, deliveries and stocks by English regions, Wales and Scotland -- Concrete roofing tiles; fibre cement products; ready-mixed concrete -- Comparison of imports and exports -- Value of overseas trade in selected materials and components for constructional use : imports (cif) and export (fob)
690 _aBUILT ENVIRONMENT-BUILDING COSTS
710 1 _aUnited Kingdom
_bOffice of National Statistics
_92035
942 _n0
999 _c106481
_d106481